000 00525nam a2200193 a 4500
001 1771139648990
003 YourLibrary
005 20260215124635.0
008 260215s2002##################000#0#eng##
020 _a9781402070105
082 0 4 _a302.4
_bBUS
100 1 _aBuskens, Vincent,
_eauthor.
245 1 0 _aSocial Networks and Trust :
260 _bSpringer Science & Business Media,
_c2002.
300 _a275 pages
650 0 _aBusiness & Economics.
942 _cENGLISH
040 _aYourLibrary
_beng
_cYourLibrary
999 _c612696
_d612696